000 03625cam a22012374i 4500
003 PE-LiUPU
005 20250813185319.0
008 120424s2011 ck rb 000 0 spa d
020 _a9587194047
020 _a9789587194043
035 _a(Sirsi) i9789587194043
040 _aLRU
_bspa
_cLRU
_dNLM
_dOCLCO
_dOCLCF
_dOCLCO
_dOCLCQ
_dPE-LiUPU
_erda
049 _aPRUA
050 4 _aR726.8
_b.A48 2010
082 0 4 _a306.920
_bA31
100 1 _aAguinaga Benítez, Oscar William,
_d1953- ,
_eautor.
245 1 0 _aEnfermería, muerte y duelo :
_bun texto de reflexión académica /
_cOscar William Aguinaga Benítez.
264 1 _aBogotá, Colombia :
_bUniversidad Nacional de Colombia, Facultad de Enfermería,
_c2011.
300 _a383 páginas ;
_c24 centímetros
336 _atext
_2rdacontent
337 _aunmediated
_2rdamedia
338 _avolume
_2rdacarrier
504 _aBibliografía : páginas 381-383.
505 0 _aConcepto de vida-muerte y proceso vital humano -- Muerte: conceptualización, actitudes y perspectivas -- La muerte en nuestra cultura -- La muerte en nuestra sociedad -- Familia, enfermedad y muerte -- Miedo, angustia y temor a la muerte -- Bioética y enfermería: problemas éticos del final de la vida -- Cuidados paliativos -- Comunicación humana y conducta -- Duelo -- Muerte perinatal -- Muerte en la niñez -- Muerte en la adolescencia -- Muerte en el adulto mayor -- Estrés y síndrome de burn-out -- Experiencias cercanas a la muerte (ECM) -- Hermenéutica del arte y la muerte.
526 _aP202
526 _aP201
526 _aP163
526 _aP162
526 _aP161
526 _aP160
526 _aP148
526 _aP147
526 _aP146
526 _aP145
526 _aP144
526 _aP143
526 _aP142
526 _aP141
526 _aP140
526 _aP139
526 _aP138
526 _aP137
526 _aP136
526 _aP135
526 _aP134
526 _aP133
526 _aP129
526 _aP128
526 _aP127
526 _aP120
526 _aP119
526 _aP118
526 _aP116
526 _aP115
526 _aP114
526 _aP110
526 _aP109
526 _aP108
526 _aP104
526 _aP103
526 _aP102
526 _aP99
526 _aP98
526 _aP97
526 _aP96
526 _aP95
526 _aP93
526 _aP90
526 _aP89
526 _aP88
526 _aP83
526 _aP82
526 _aP62
526 _aP59
526 _aP58
526 _aP57
526 _aP51
526 _aP49
526 _aP48
526 _aP47
526 _aP29
526 _aP24
526 _aP20
526 _aP19
526 _aP17
526 _aP15
526 _aP14
526 _aP12
526 _aP10
526 _aP09
526 _aP08
526 _aP07
526 _aP06
526 _aP05
526 _aP04
526 _aP01
541 _g1589;
650 0 4 _aMuerte
_xAspectos sociales.
650 0 4 _aMuerte.
910 _ajck
_b
_cjck
_d20151124
942 _2ddc
_cBOOK
949 _a306.920 A31
_wDEWEY
_c1
_i72143
_lCCODEBUL1
_mBUL
_p7.50
_r0
_sY
_tBOOK
_u2015-11-24
_xSALUD
_PP22
_0COMPRA
_o.STAFF. Colección General
994 _aC0
_bPEPRU
596 _a1
999 _a306.920 A31
_wDEWEY
_c7915
_i72143
_d7915
_e2019-6-12
_f2021-11-3
_g5
_lCCODEBUL1
_mBUL
_n1
_p7.50
_q1
_r0
_sY
_tBOOK
_u2015-11-24
_xSALUD
_PP22
_0COMPRA
_o.STAFF. Colección General
980 _81
_gALBERTO SANCHEZ Responsable de Automatización